| 000 | 00711nam a22002532a 4500 | ||
|---|---|---|---|
| 001 | 29318 | ||
| 003 | BD-RjUL | ||
| 005 | 20211209051410.0 | ||
| 008 | 140403s1961 -usac 001 0 eng d | ||
| 035 | _a(BD-RjUL)29403 | ||
| 040 |
_aNLM _cNLM _dBD-RjUL _beng |
||
| 041 | _aeng | ||
| 060 | 0 |
_aBF 121 _bM966p 1961 |
|
| 082 | 0 | 0 |
_a150 _218 _bMUP 1961 |
| 100 | 1 |
_aMunn, Norman Leslie, _d1902- _988385 |
|
| 245 | 1 | 0 |
_aPsychology : _bthe fundamentals of human adjustment / _cNorman L. Munn. |
| 250 | _a4th ed. | ||
| 260 |
_a Boston : _bHoughton Mifflin, _cc1961. |
||
| 300 |
_axvi, 812 p. : _bill. ; _c24 cm. |
||
| 504 | _aIncludes index. | ||
| 650 | 2 |
_aPsychology. _989447 |
|
| 942 |
_2ddc _cBK |
||
| 999 |
_c29318 _d29318 |
||